00454cam a2200181 a 4500001000800000005001700008008004100025010001700066020001500083040001800098041000800116080001500124082001900139100000700158101000800165245006900173504003000242473331920180208050451.0840905s1984 nyu b 001 0 eng  a 84020612  a0453004822 aDLCcDLCdDLC aeng a658.4 CRE00a658.4 CRE2191 a54 aMAN10aCreating excellence :cby Craig R. Hickman and Michael A. Silva. aBibliography: p. 295-298.